Hai mươi lăm 25 thuật đắc nhân tâm

Là tập hợp những kinh nghiệm quý báu trong hàng chục năm nghiên cứu và giảng dạy về nghệ thuật sống của hai tác giả John C. Maxwell và Les Parrot, 25 thuật đắc nhân tâm mang đến cho người đọc cái nhìn đơn giản nhưng thiết thực để có thể mở cánh cửa trái tim của tất cả mọi người. Qua những câu chuyện...

Descripción completa

Guardado en:
Detalles Bibliográficos
Autor principal: John C. Maxwell
Otros Autores: John C. Maxwell; Nguyễn Thị Thoa dịch
Lenguaje:Undetermined
Publicado: Hà Nội Lao động Xã hội 2010
Materias:
Etiquetas: Agregar Etiqueta
Sin Etiquetas, Sea el primero en etiquetar este registro!
Thư viện lưu trữ: Trung tâm Học liệu Trường Đại học Trà Vinh
LEADER 01167nam a2200229Ia 4500
001 TVU_5421
008 210423s9999 xx 000 0 und d
041 |a Vie 
082 |a 158.2 
082 |b M465 
100 |a John C. Maxwell 
245 0 |a Hai mươi lăm 25 thuật đắc nhân tâm 
245 0 |c John C. Maxwell ; Nguyễn Thị Thoa ( Nhóm BKD) dịch 
260 |a Hà Nội 
260 |b Lao động Xã hội 
260 |c 2010 
300 |a 236 tr. 
300 |c 19 cm 
520 |a Là tập hợp những kinh nghiệm quý báu trong hàng chục năm nghiên cứu và giảng dạy về nghệ thuật sống của hai tác giả John C. Maxwell và Les Parrot, 25 thuật đắc nhân tâm mang đến cho người đọc cái nhìn đơn giản nhưng thiết thực để có thể mở cánh cửa trái tim của tất cả mọi người. Qua những câu chuyện nhỏ thú vị của John C. Maxwell, cùng những phân tích tâm lý sâu sắc của Les Parrott 
650 |a Tâm lý học; Thuật đắc nhân tâm 
700 |a John C. Maxwell; Nguyễn Thị Thoa dịch 
980 |a Trung tâm Học liệu Trường Đại học Trà Vinh